កុមារក្លាហានទាំង៥ : (Record no. 8085)
[ view plain ]
| 000 -LEADER | |
|---|---|
| fixed length control field | 02689nam a22002897a 4500 |
| 001 - CONTROL NUMBER | |
| control field | 8085 |
| 003 - CONTROL NUMBER IDENTIFIER | |
| control field | FISKH |
| 005 - DATE AND TIME OF LATEST TRANSACTION | |
| control field | 20250822102148.0 |
| 008 - FIXED-LENGTH DATA ELEMENTS--GENERAL INFORMATION | |
| fixed length control field | 250822b cb ||||| |||| 00| 0 eng d |
| 020 ## - INTERNATIONAL STANDARD BOOK NUMBER | |
| International Standard Book Number | 9789996301834 |
| 040 ## - CATALOGING SOURCE | |
| Original cataloging agency | FISKH |
| Language of cataloging | khr |
| Transcribing agency | FISKH |
| Modifying agency | FISKH |
| 050 ## - LIBRARY OF CONGRESS CALL NUMBER | |
| Classification number | PZ7 |
| 100 ## - MAIN ENTRY--PERSONAL NAME | |
| Personal name | Saren, Koam |
| 245 ## - TITLE STATEMENT | |
| Title | កុមារក្លាហានទាំង៥ : |
| Remainder of title | The 5 brave boys / |
| Statement of responsibility, etc. | និពន្ធដោយ លោក គាំ សារ៉ែន , ត្រួតពិនិត្យអក្ខរាវិរុទ្ធ អ្នកស្រី គឺមស៊ុន សុធារី , លោក ធី ចាន់ថន និង លោកសេង ចំរើន |
| 260 ## - PUBLICATION, DISTRIBUTION, ETC. | |
| Place of publication, distribution, etc. | Phnom Penh : |
| Name of publisher, distributor, etc. | Reading Book , |
| Date of publication, distribution, etc. | 2013. |
| 300 ## - PHYSICAL DESCRIPTION | |
| Extent | 20 pages : |
| Other physical details | color illustrations ; |
| Dimensions | 25 cm . |
| 505 ## - FORMATTED CONTENTS NOTE | |
| Formatted contents note | P <br/> |
| 520 ## - SUMMARY, ETC. | |
| Summary, etc. | តាឥសីបានរកឃើញឬស្សីមួយ ដែលមានដំណើបដូង, សណ្តែក, ស្ករ និងអំបិល។ ឥសីបានប្រើវេទមន្ត បម្លែងវាជាកូនប្រុសប្រាំនាក់។ បន្ទាប់ពីអស់រយៈពេលជាច្រើនឆ្នាំ កូនប្រុសទាំងប្រាំនាក់បានលះបង់ជិវិតរបស់ខ្លួន ដើម្បីសម្លាប់យក្សដ៏ខ្លាំងម្នាក់។<br/><br/>ដើម្បីគោរពជូនកេរ្តិ៍ឈ្មោះដល់កូនប្រុសដ៏ក្លាហានទាំងប្រាំនាក់នេះ ព្រះរាជាក៏បានប្រារព្ធពិធីអរគុណមួយ ជាមួយនឹងនំមួយដែលមានឈ្មោះថា “ក្លាហាន” ប៉ុន្តែឈ្មោះ “ក្លាហាន” នោះបានផ្លាស់ប្ដូរទៅជា “ក្រឡាន” រហូតមកដល់សព្វថ្ងៃ។ |
| 520 ## - SUMMARY, ETC. | |
| Summary, etc. | The hermit found a bamboo internode with coconut, sticky rice, bean, sugar and salt; he used magic to turn them to baby boys. Years later, those boys sacrified themselve to kill a powerful ogre. To honor the five brave boys, the king celebrated a thank-giving ceremony with a cake called Klahan, but the name Klahan became Kralan until now |
| 521 8# - TARGET AUDIENCE NOTE | |
| Target audience note | 650 <br/> |
| Source | Lexile estimate <br/> |
| 521 8# - TARGET AUDIENCE NOTE | |
| Target audience note | P <br/> |
| Source | Raz-Plus <br/> |
| 650 ## - SUBJECT ADDED ENTRY--TOPICAL TERM | |
| Topical term or geographic name entry element | កុមារក្លាហានទាំង៥ |
| 650 ## - SUBJECT ADDED ENTRY--TOPICAL TERM | |
| Topical term or geographic name entry element | The 5 brave boys |
| 700 ## - ADDED ENTRY--PERSONAL NAME | |
| Personal name | Saren, Koam |
| Relator term | Illustrator |
| 942 ## - ADDED ENTRY ELEMENTS (KOHA) | |
| Source of classification or shelving scheme | Dewey Decimal Classification |
| Koha item type | Khmer Books |
| Suppress in OPAC | No |
| Withdrawn status | Lost status | Source of classification or shelving scheme | Damaged status | Not for loan | Collection | Home library | Current library | Shelving location | Date acquired | Total Checkouts | Full call number | Barcode | Date last seen | Copy number | Price effective from | Koha item type |
|---|---|---|---|---|---|---|---|---|---|---|---|---|---|---|---|---|
| Dewey Decimal Classification | Khmer-English Bilingual / ភាសាខ្មែរ-អង់គ្លេស | Footprints International School Library Network Toul Tom Poung Campus | Footprints International School Library Network Toul Tom Poung Campus | TTP Primary Khmer Bookshelves | 08/22/2025 | SAR PZ7 | FISBK03803 | 08/22/2025 | 1 | 08/22/2025 | Khmer Books | |||||
| Dewey Decimal Classification | Khmer-English Bilingual / ភាសាខ្មែរ-អង់គ្លេស | Footprints International School Library Network Toul Tom Poung Campus | Footprints International School Library Network Toul Tom Poung Campus | TTP Primary Khmer Bookshelves | 09/16/2025 | SAR PZ7 | FIS04187 | 09/16/2025 | 2 | 09/16/2025 | Khmer Books |
